Dominique Bourg et Daniel Boy, Conférences de citoyens, mode d’emploi, les enjeux de la démocratie participative, Ed. Charles Léopold Mayer et Descartes et Cie, Coll. TechnoCité, 2005, 106 p., 18 € (notice n° 1641307)

détails MARC
000 -LEADER
fixed length control field 00710cam a2200157 4500500
005 - DATE AND TIME OF LATEST TRANSACTION
control field 20260201105816.0
041 ## - LANGUAGE CODE
Language code of text/sound track or separate title fre
042 ## - AUTHENTICATION CODE
Authentication code dc
100 10 - MAIN ENTRY--PERSONAL NAME
Personal name Heriard Dubreuil, Bertrand
Relator term author
245 00 - TITLE STATEMENT
Title Dominique Bourg et Daniel Boy, Conférences de citoyens, mode d’emploi, les enjeux de la démocratie participative, Ed. Charles Léopold Mayer et Descartes et Cie, Coll. TechnoCité, 2005, 106 p., 18 €
260 ## - PUBLICATION, DISTRIBUTION, ETC.
Date of publication, distribution, etc. 2006.<br/>
500 ## - GENERAL NOTE
General note 88
520 ## - SUMMARY, ETC.
Summary, etc. Resumé Théologie de l’espérance et attitudes face au risque.
786 0# - DATA SOURCE ENTRY
Note Revue Projet | 293 | 4 | 2006-06-01 | p. 091c-094c | 0033-0884
856 41 - ELECTRONIC LOCATION AND ACCESS
Uniform Resource Identifier <a href="https://shs.cairn.info/revue-projet-2006-4-page-091c?lang=fr&redirect-ssocas=7080">https://shs.cairn.info/revue-projet-2006-4-page-091c?lang=fr&redirect-ssocas=7080</a>

Pas d'exemplaire disponible.

PLUDOC

PLUDOC est la plateforme unique et centralisée de gestion des bibliothèques physiques et numériques de Guinée administré par le CEDUST. Elle est la plus grande base de données de ressources documentaires pour les Étudiants, Enseignants chercheurs et Chercheurs de Guinée.

Adresse

627 919 101/664 919 101

25 boulevard du commerce
Kaloum, Conakry, Guinée

Réseaux sociaux

Powered by Netsen Group @ 2025